000 00443nam a2200193Ia 4500
003 OSt
005 20251121142559.0
008 250729s1977 xx 000 0 und d
020 _a978-0241322352
040 _cAL
041 _aeng
082 _a823 CARH
100 _aCarre John
_9224647
245 _aThe honourable school boy
260 _aLondon & Sydney
_c1977
300 _a542p
650 _aFiction
_9224648
942 _2ddc
_cBED
999 _c236516
_d236516